000 00216nam a2200097Ia 4500
008 240331s9999 xx 000 0 und d
082 _a302.234
_bMAR
100 _aSriram,V
245 0 _aMarapai meeria cinema
942 _cL
999 _c1183
_d1183